Yoga and eating disorders: Ancient healing for modern illness (Record no. 396223)

MARC details
000 -LEADER
fixed length control field 00560 a2200205 4500
005 - DATE & TIME
control field 20260313115130.0
008 - FIXED-LENGTH DATA ELEMENTS--GENERAL INFORMATION
fixed length control field 260312b |||||||| |||| 00| 0 eng d
020 ## - ISBN
International Standard Book Number 9780367241834
Price Rs. 1295.00
040 ## - CATALOGING SOURCE
Original cataloging agency VIVEKANANDA LIBRARY
082 ## - DDC NUMBER
Classification number 616.8526
Book Number C824Y
100 ## - MAIN ENTRY--PERSONAL NAME
Personal name Costin, Carolyn, ed.
245 ## - TITLE STATEMENT
Title Yoga and eating disorders: Ancient healing for modern illness
260 ## - PUBLICATION, DISTRIBUTION, ETC. (IMPRINT)
Name of publisher, distributor, etc Routledge
Date of publication, distribution, etc 2025
Place of publication, distribution, etc Oxon
300 ## - PHYSICAL DESCRIPTION
Pages xvii, 209
650 ## - Subject
Subject Yogic Studies
650 ## - Subject
Subject Eating Disorders
650 ## - Subject
Subject Yoga Therapy
700 ## - Added Entry Personal Name
Added Entry Personal Name Kelly, Joe, ed.
942 ## - ADDED ENTRY ELEMENTS (KOHA)
Koha item type Books
Holdings
Withdrawn status Lost status Source of classification or shelving scheme Damaged status Not for loan Location (home branch) Sublocation or collection (holding branch) Shelving location Date acquired Koha issues (times borrowed) Koha full call number Accession No. Koha date last seen Koha item type
    Dewey Decimal Classification     VIVEKANANDA LIBRARY VIVEKANANDA LIBRARY Vivekananda Library 17/02/2026   616.8526 C824Y 438300 17/02/2026 Books
    Dewey Decimal Classification     VIVEKANANDA LIBRARY VIVEKANANDA LIBRARY Vivekananda Library 17/02/2026   616.8526 C824Y 438299 17/02/2026 Books
© Designed and Maintained by Vivekananda Library, MDU Rohtak